000 00319nam a22001097a 4500
008 161229b xxu||||| |||| 00| 0 eng d
020 _a2900781785890
041 _aeng
080 _212th ed.
_a618.2
245 _aTextbook of Medical-Surgical Nursing
_cSmeltzer, S & Bare, B.G & Hinkle, J.L & Cheever, K.H
942 _2udc
_cBK
999 _c2517
_d2517